00438nam a22001217a 4500003000500000038001800005082000800023100001900031245013500050264003300185700004000218856005800258NUST aNusrat Nadeem a200 aRashid, Salman aAssessing the Effectiveness of Monetary Policy on the Manufacturing Sector in Pakistan: A Disaggregated Analysis/cSalman Rashid,  aIslamabad:bS3H NUST.c2025. aSupervisor. Dr. Ather Maqsood Ahmed u http://10.250.8.41:8080/xmlui/handle/123456789/54537